000 00621nam a2200229Ia 4500
003 OSt
005 20220918203252.0
006 a|||||r|||| 00| 0
007 ta
008 220917b |||||||| |||| 00| 0 eng d
024 _a107,131
037 _cTextual
040 _aARTS
_cARTS
_beng
041 _2eng
_aeng
082 _aV3,3, J8 (EV)
100 _aBailey Sydney D
_97980
245 0 _aBritish parliamentary democracy
260 _aLondon
_bGeorge G Harrap
_c1958
650 _aGREAT BRITAIN - HISTORY
_91540
942 _hV3,3, J8 (EV)
_cTEXL
_2CC
999 _c230489
_d230489